The principle of least action in geometry and dynamics

Saved in:
Bibliographic Details
Main Author: Siburg, Karl Friedrich
Format: Book
Language:English
Published: Berlin ; New York : Springer, c2004
Series:Lecture notes in mathematics (Springer-Verlag) ; 1844
Subjects:
Tags: Add Tag
No Tags, Be the first to tag this record!

MARC

LEADER 00000nam a2200000 i 4500
001 1/66901
008 041126s2004 eng d
020 |a 3-540-21944-7 
035 |l 10075483 
040 |a GR-MY-UA  |b gre  |e aacr 
041 0 |a eng 
082 0 |a 516.35  |2 (21) 
100 1 |a Siburg, Karl Friedrich. 
245 1 4 |a The principle of least action in geometry and dynamics /  |c Karl Friedrich Siburg 
260 |a Berlin ; New York :   |b Springer,   |c c2004 
300 |a xii, 128 σ.;  |b εικ.;  |c 24 εκ. 
490 1 |a Lecture notes in mathematics  |v ; 1844 
504 |a Περιέχει βιβλιογραφικές αναφορές και ευρετήριο 
650 0 0 |a Least action. 
650 0 0 |a Geometry, Algebraic. 
650 0 0 |a Dynamics. 
830 0 |a Lecture notes in mathematics (Springer-Verlag)  |v ; 1844 
852 |a INST  |b SAMOS  |e 20041126  |h 516.35 SIB  |p 005300022645  |q 005300022645  |t BK  |y 0 
901 |a BIBL3-2004-3 
909 |a Σ  |b 116556 
922 |a 3ΕΛΗ  |b 200410  |c ΕΠΕΑΕΚ2/ΤΜΗΜΑ ΜΑΘΗΜΑΤΙΚΩΝ  |d ΜΙΧΑΛΟΠΟΥΛΟΣ 
950 |a 116-2004-10-10 
970 |a ΚΟΣΙΕΡΗΣ  |b ΧΡΗΣΤΟΣ  |z 2004/12/15